000 00789nam a2200205 a 4500
003 0
005 20250424133953.0
008 970114s19uu xx 00 eng d
050 _aPGS HE 336.T3
_b.G738 2003
100 _aGraham, Richard B.
245 _aA study of the perceptions of B.F. residents on the traffic situation in B.F. /
_cRichard B. Graham.
260 _aLas PiƱas City, Philippines :
_bSouthville International School and Colleges,
_c2003.
300 _a28 pages :
_billustrations ;
_c28 cm.
504 _aIncludes bibliographical references.
650 _aTraffic congestion
_vPublic opinion.
650 _aTraffic flow
_vSocial aspects.
650 _aTransportation
_vPublic opinion.
650 _aUrban transportation
_vCitizen participation.
942 _2lcc
_cPASS
999 _c96867
_d96867